Problémový krok Roľnícke noviny hovorili s hlavným inžinierom š.p. Severoslovenské lesy Žilina, Ing. Petrom Ťapayom

Bibliographic Details
Main Authors: Ťapay, Peter (Author), Orlíková, Hana (Author)
Format: Article
Language:Slovak
Subjects:

MARC

LEADER 00000nab a2200000 a 4500
001 vtls000629234
003 SK-MaSNL
005 20260303190434.0
008 160401c1997 xo 0 slo
015 |a SNBRB19rr/mm-uuuuu 
035 |a CL0629373 
040 |a SNKBUCL  |b slo  |c SNKBUCL  |e AACR2 
041 0 |a slo 
044 |a xo  |c SK 
080 |a 630 68(437.6):658.15  |2 1981 
080 |a 658.15  |2 1981 
100 1 |a Ťapay, Peter  |4 aut  |9 1218774 
245 1 0 |a Problémový krok  |b Roľnícke noviny hovorili s hlavným inžinierom š.p. Severoslovenské lesy Žilina, Ing. Petrom Ťapayom  |c Peter Ťapay, Hana Orlíková 
650 0 7 |a lesné podniky  |2 snkbucl  |9 73850 
655 7 |a články z novín a časopisov  |2 snkbucl  |9 267496 
700 1 |a Orlíková, Hana  |4 aut  |9 204836 
773 0 |t Roľnícke noviny  |g Č. 154 (7. 7. 1997), s. 1 a 2 
850 |a Slovenská národná knižnica v Martine  |a MTA001 
852 |a SNK  |b KIS3GCP 
958 |a SK 
958 |a RK 
958 |a RBX 
999 |c 2136247  |d 2138177